000 00365nam a2200133Ia 4500
008 170516s9999 xx 000 0 und d
245 _aOptimization of the Ultrasound-Induced Blood-Brain Barrier Opening
260 _bTheranostics
260 _c2012
300 _a2:12
650 _xMedical Technology
650 _xMedtech
856 _uhttp://www.thno.org/v2i12
999 _c330591
_d330591